000 00321nam a2200145Ia 4500
008 210210b xxu||||| |||| 00| 0 eng d
041 _aeng
082 _a874/22
100 _aKOSHY (M)
245 _aHrdyopanyasangal
260 _a
_b-
_c
650 _aHrdyopanyasangal
690 _aMalayalam Criticism
906 _a002611
999 _c124581
_d124581